000 00582 a2200205 4500
005 20260417123026.0
008 260416b |||||||| |||| 00| 0 eng d
020 _a9781908625854
_c£ 16.99
040 _aMAIN
082 _a613.07
_bB439E
100 _aBennett, Clare, ed.
245 _a Essentials promoting health and wellbeing: For nursing and healthcare students
260 _bLantern Publishing
_c2020
_aBanbury
300 _axiv, 200
650 _aPersonal Health
650 _aHealth Education
650 _aNursing
700 _aLillyman, Sue, ed.
942 _cBK
999 _c396750
_d396750